|
|
|
|
| LEADER |
00000nam0a2200000 4500 |
| 001 |
35334 |
| 005 |
20231101210309.0 |
| 035 |
|
|
|a (RuTPU)RU\TPU\book\35763
|
| 035 |
|
|
|a BOOK00002415
|
| 090 |
|
|
|a 35334
|
| 100 |
|
|
|a 20011210d1987 m y0rusy50 ca
|
| 101 |
0 |
|
|a rus
|
| 102 |
|
|
|a RU
|
| 105 |
|
|
|a a j 000zy
|
| 200 |
1 |
|
|a Промывочные жидкости и тампонажные смеси
|e [учебник]
|f Л. М. Ивачев
|
| 210 |
|
|
|a Москва
|c Недра
|d 1987
|
| 215 |
|
|
|a 242 с.
|c ил.
|
| 330 |
|
|
|a Освещены теоретические основы физикохимии и механики промывочных жидкостей и тампонажных смесей для разведочного бурения. Большое внимание уделено рецептуре промывочных жидкостей и тампонажных смесей на различной основе, методам химической обработки, регулированию параметров, приборам и методам измерения их свойств. Приведены классификация промывочных жидкостей, их влияние на процесс бурения и устойчивость стенок скважины. Рассмотрены технологические схемы приготовления и очистки и технические средства для их реализации. Освещены вопросы охраны окружающей среды.
|
| 606 |
1 |
|
|a Промывочные растворы, буровые
|x Физико-механические свойства
|2 stltpush
|3 (RuTPU)RU\TPU\subj\52197
|9 70686
|
| 606 |
1 |
|
|a Тампонажные растворы
|x Исследование
|2 stltpush
|3 (RuTPU)RU\TPU\subj\58543
|9 76324
|
| 610 |
1 |
|
|a тампонажные смеси
|
| 610 |
1 |
|
|a физикохимия
|
| 610 |
1 |
|
|a механика
|
| 610 |
1 |
|
|a теория
|
| 610 |
1 |
|
|a разведочное бурение
|
| 610 |
1 |
|
|a классификация
|
| 610 |
1 |
|
|a схемы
|
| 610 |
1 |
|
|a учебные пособия
|
| 675 |
|
|
|a 622.244.4(075.8)
|v 3
|
| 675 |
|
|
|a 622.245.42(075.8)
|v 3
|
| 700 |
|
1 |
|a Ивачев
|b Л. М.
|g Леонтий Михайлович
|
| 801 |
|
0 |
|a RU
|b 63413507
|c 20011210
|g PSBO
|
| 801 |
|
2 |
|a RU
|b 63413507
|c 20230216
|g PSBO
|
| 900 |
|
|
|a Удаление продуктов разрушения
|
| 900 |
|
|
|a Химия промывочных жидкостей
|
| 942 |
|
|
|c BK
|